Vplyv komplexnej starostlivosti o dopravné prostriedky a mechanizmy na využitie ZF v podniku SZBD Družbyt Nitra záverečná práca postgraduálneho štúdia

Enregistré dans:
Détails bibliographiques
Auteur principal: Dovičovič, Jozef
Collectivité auteur: Vysoká škola ekonomická v Bratislave
Autres auteurs: Tuhárska, Eleonóra
Format: Livre
Langue:slovaque
Publié: Bratislava 1988
Tags: Ajouter un tag
Pas de tags, Soyez le premier à ajouter un tag!

MARC

LEADER 00000nam a2200000 4500
001 c030921
005 20260108081241.1
041 0 |a slo 
044 |a SK 
245 1 0 |a Vplyv komplexnej starostlivosti o dopravné prostriedky a mechanizmy na využitie ZF v podniku SZBD Družbyt Nitra  |b záverečná práca postgraduálneho štúdia  |c Jozef Dovičovič ; Ved. práce Eleonóra Tuhárska 
264 1 |a Bratislava  |c 1988 
300 |a 44 s. 
100 1 |a Dovičovič, Jozef 
700 1 |a Tuhárska, Eleonóra 
710 2 |a Vysoká škola ekonomická v Bratislave